Statistics for French to English: colours

Click here to take the quiz!

General Stats

  • This quiz has been taken 69 times
  • The average score is 13 of 14

Answer Stats

frenchEnglish% Correct
NoireBlack
100%
BleuBlue
100%
VertGreen
100%
L'Orangeorange
100%
RougeRed
100%
BlancWhite
100%
GrisGrey
98%
Le PourpePurple
98%
JauneYellow
98%
Le RosePink
95%
VioletteViolet
95%
L'orGold
88%
L'argentSilver
86%
Le MarronBrown
83%

Score Distribution

Percentile by Number Answered

Percent of People with Each Score

Your Score History

You have not taken this quiz